Trouver tous les pays d'Amérique du nord avec les armoiries ,sceau ... - Statistiques

Statistiques générales
  • Ce quiz a été pris 39 fois
  • Le résultat moyen est 19 sur 23
Statistiques - réponses
Par images Réponse % Correct
Costa Rica
100%
États-Unis
100%
Nicaragua
100%
République dominicaine
100%
Salvador
100%
Haïti
97%
Mexique
97%
belize
87%
Guatemala
87%
Honduras
87%
Panama
87%
Antigua-et-Barbuda
77%
Dominique
74%
Saint-Vincent et les Grenadines
74%
Bahamas
71%
Canada
71%
Cuba
71%
Barbade
65%
Jamaïque
65%
Saint-Christophe-et-Niévès
65%
Grenade
61%
Sainte-Lucie
61%
Trinité-et-Tobago
61%
Aucun quiz correspondant
Distribution des résultats
% des personnes avec chaque résultat
Percentile par nombre de réponses
Votre historique - résultats
Vous n’avez pas pris ce quiz